La Nación latinoaméricana /

Wedi'i Gadw mewn:
Manylion Llyfryddiaeth
Prif Awdur: Ribeiro, Darcy
Fformat: Texto
Pynciau:
Tagiau: Ychwanegu Tag
Dim Tagiau, Byddwch y cyntaf i dagio'r cofnod hwn!

MARC

LEADER 00000 a a2200000 04500
001 10688
003
040
100 |a Ribeiro, Darcy  
245 |a La Nación latinoaméricana /  |c Darcy Ribeiro 
500 |a También en: Nueva Sociedad. número 62, setiembre-octubre 1982  
650 |a POBLACION INDIGENA  
650 |a CRISTIANISMO  
650 |a COLONIALISMO  
650 |a CAMBIO DEMOGRAFICO  
650 |a DESIGUALDAD SOCIAL  
773 |g número 180 -181; páginas38-64  
999 |c 23305  |d 23305